Albumy, ep'ki, i dwie limitowane płyty sanah - Statystyki

Ogólne statystyki
  • Ten quiz został rozwiązany 9 razy
  • Średni wynik to 12 z 16
Statystyki odpowiedzi
Hint Odpowiedź % Poprawnych
2023 Bankiet u sanah
83%
2024 Can you love me for who I am? part 1
83%
2024 Can you love me for who I am? part 2
83%
2025 Dwoje Ludzieńków
83%
2021 Irenka
83%
2021 Irenka (deluxe)
83%
2024 Kaprysy
83%
2020 Królowa dram
83%
2020 Królowa dram (deluxe)
83%
2024 Pianinkowe Kaprysy
83%
2022 sanah śpiewa poezyje
83%
2022 Uczta
83%
2020 bujda
67%
? invisible
67%
2019 ja na imię niewidzialna mam
67%
? bajkowa sanah
17%
Nie znaleziono quizów pasujących do podanych kryteriów
Rozkład punktacji
Procent ludzi z każdym wynikiem
Percentyl według liczby udzielonych odpowiedzi
Twoja historia wyników
Nie rozwiązałeś tego quizu